000 01026nam a2200289 4500
003 EG-GICUC
005 20260321113448.0
008 260312s1967 ua ||||fr|||| 00| 0 fre d
040 _aEG-GICUC
_cEG-GICUC
_dEG-GICUC
_erda
_bfre
082 0 4 _221
_a341.511
_bMO . R
092 0 4 _221
099 _aLaw 11 341.511 MO . R 1967
100 0 _aMoufid chehab
_eAuteur
245 1 2 _aLe rôle de la Cour internationale de Justice :
_cPar Moufid chehab.
_bdans l’interprétation et la création des règles du droit international /
264 1 _aCairo;
_bDar AlKitab Al Arabi,
_c1967.
300 _a392 pages
_billustrations
_c30 cm.
_eCD.
336 _atexte
_2rda contenu
337 _aOrdinateur
_2rda medias
338 _aRessource en ligne
_2transporteur rda
504 _aBibliography: pages 200-250. 240-220
546 _aTexte en français
650 0 4 _2qrmak
_aDroit international public
651 1 _2qrmak
856 _uhttps://fll.law.cu.edu.eg/fulltext/bks/B11-07140.pdf
905 _a31
942 _2ddc
_cBK
_e21
_n0
999 _c66203
_d66203